000 00915nam a22002417a 4500
001 3426
003 FISKH
005 20240305084609.0
008 240305b cb ||||| |||| 00| 0 eng d
040 _aFISK
_beng
_cFISK
_dFISK
050 _aPZ7.H22666
082 _a458
100 _aHiatt Harlow Joan
_d1932-
245 _aSecret of the night ponies /
_cJoan Hiatt Harlow
260 _aNew York :
_bScholastic,
_c2010
300 _a323 pages :
_c20 cm
505 _aM
520 _aIn 1965 Newfoundland, thirteen-year-old Jessie's brave and impulsive nature leads her to commit a variety of daring acts, including rescuing a herd of wild ponies and kidnapping a poor orphan girl who is being mistreated by her guardians. Includes factual information about the history of the Newfoundland pony.
521 8 _a670
_bLexiles
700 _aJoan Hiatt Harlow
942 _2ddc
_cBK
_n0
999 _c3426
_d3426